Pays ayant disputé au moins 3 finales de Coupe du Monde (Mort subite) - Statistiques

Statistiques générales
  • Ce quiz a été pris 420 fois
  • Le résultat moyen est 5 sur 6
Answers on the Grid
Answers color-coded by a green-red scale on the quiz's grid according to % correct below.
Brésil
Allemagne
Italie
Argentine
France
Pays-Bas
Uruguay
Angleterre
Espagne
Hongrie
Tchécoslovaquie
Suède
Croatie
Pologne
Portugal
Etats-Unis
Autriche
 
Statistiques - réponses
Réponse % Correct
France
89%
Brésil
86%
Allemagne
79%
Italie
79%
Argentine
76%
Pays-Bas
46%
Aucun quiz correspondant
Distribution des résultats
% des personnes avec chaque résultat
Percentile par nombre de réponses
Votre historique - résultats
Vous n’avez pas pris ce quiz